000 00904cam a2200277 i 4500
001 22217
003 BD-RjUL
005 20211209000800.0
008 140306r1976 ii bf b 001 0 eng d
035 _a(OCoLC)2853200
035 _a(OCoLC)ocm02853200
035 _a(CStRLIN)NYCG88-B12103
035 _a(BD-RjUL)22282
035 _a(NNC)626403
040 _aDGU
_cDGU
_dMiU
_dCStRLIN
_dNNC
_dBD-RjUL
_beng
041 _aeng
082 0 4 _a911.54
_bLAH 1976
090 _aDS408.5
_b.L38 1976g
100 1 _aLaw, Bimala Churn,
_d1892-1969.
_968586
245 1 0 _aHistorical geography of ancient India /
_cby Bimala Churn Law ; with a pref. by Louis Renou.
260 _aDelhi :
_bEss Ess Publications,
_c1976.
300 _a354 p., [2] leaves of plates :
_bmaps ;
_c22 cm.
504 _aIncludes bibliographical references and index.
651 0 _aIndia
_xHistorical geography.
_968587
942 _2ddc
_cBK
999 _c22217
_d22217